The Innovative Enterprise : Harvard Business Review (Record no. 839)

MARC details
000 -LEADER
Fixed length control field 00430nam a2200157 4500
003 - CONTROL NUMBER IDENTIFIER
Control field SEACOMMC
005 - DATE AND TIME OF LATEST TRANSACTION
Control field 20250426123613.0
008 - FIXED-LENGTH DATA ELEMENTS--GENERAL INFORMATION
Fixed length control field 241206b |||||||| |||| 00| 0 eng d
020 ## - INTERNATIONAL STANDARD BOOK NUMBER / ISBN
International Standard Book Number 978-1591-39130-2
Price $19.95
040 ## - CATALOGING SOURCE
Original cataloging agency SEACOMMC
082 ## - DEWEY DECIMAL CLASSIFICATION NUMBER
Classification number 658.4052
Book Number I 58
245 1# - TITLE STATEMENT
Title The Innovative Enterprise : Harvard Business Review
260 ## - IMPRINT
Place of publication U.S.A
Name of publisher Harvard Business School Pub.
Date of publication 2003
650 ## - SUBJECT ADDED ENTRY--TOPICAL TERM
Topical term Management
942 ## - ADDED ENTRY ELEMENTS (KOHA)
Koha item type Books
Holdings
Withdrawn status Lost status Source of classification Damaged status Not for loan Home library Current library Shelving location Date acquired Total Checkouts Call number Accession number Date last seen Price effective from Koha item type
    Dewey Decimal Classification     SEACOM MANAGEMENT COLLEGE SEACOM MANAGEMENT COLLEGE Reference 30/11/2007   658.4052 I 58 M-1121 06/12/2024 06/12/2024 Books
© Seacom Engineering College, All rights reserved.    Powered by Koha